[Event "CRO-chT"]
[Site "Tucepi"]
[Date "1996.??.??"]
[Round "?"]
[White "Poljak, Srebrenka"]
[Black "Medvegy, Nora"]
[Result "0-1"]
[WhiteElo "2065"]
[BlackElo "2300"]

1.e4 c5 2.Nf3 e6 3.d4 cxd4 4.Nxd4 Nc6 5.Nc3 Qc7 6.g3 a6 7.Bg2 Nf6 8.O-O Bc5
9.Nxc6 dxc6 10.Qe2 e5 11.h3 Be6 12.Be3 Nd7 13.a4 a5 14.Rfd1 Qb6 15.Bxc5 Qxc5
16.Bf1 O-O-O 17.Nb1 Nb6 18.Nd2 Qb4 19.c3 Qc5 20.b4 Qxc3 21.b5 c5 22.Rac1 Qb4
23.Rb1 Qxa4 24.Ra1 Qb4 25.Rab1 Rxd2 26.Qxd2 Qxd2 27.Rxd2 Rd8 28.Rxd8+ Kxd8
29.Rc1 c4 30.f4 f6 31.f5 Bd7 32.Bxc4 Nxc4 33.Rxc4 Bxb5 34.Rc5 Bc6 35.Rxa5 Bxe4
36.g4 h5 37.Kf2 hxg4 38.hxg4 Ke7 39.Rc5 Bc6 40.g5 Kd6 41.gxf6 gxf6 42.Rc4 Kd5
43.Rh4 e4 44.Ke3 Ke5 45.Rf4 Bd5 46.Rf2 Bc4 47.Rb2 b5 48.Rh2 Kxf5 49.Rh5+ Kg4
50.Rc5 f5 51.Rc7 Kg5 52.Rg7+ Kf6 53.Rc7 Ke5 54.Rc5+ Bd5 55.Rxb5 f4+ 56.Ke2 Kd4
57.Rb8 f3+ 58.Ke1 e3 59.Rd8 Ke4 60.Rf8 Bc4 61.Rf6 Bd5 62.Rf8 Ke5 63.Kf1 Be4
64.Re8+ Kf4 65.Rf8+ Bf5 66.Ke1 Kg5 67.Rg8+ Kh4 68.Rf8 Bg4 69.Kf1 Kg3 70.Rf7 Bh3+
71.Ke1 Be6 72.Rf6 Bg4 73.Rf8 f2+ 74.Kf1 e2+  0-1

[Event "CRO-chT"]
[Site "Tucepi"]
[Date "1996.??.??"]
[Round "?"]
[White "Feletar, Darko"]
[Black "Vujakovic, Branko"]
[Result "1-0"]
[WhiteElo "2355"]
[BlackElo "2385"]

1.e4 c5 2.Nf3 Nc6 3.Nc3 e6 4.d4 cxd4 5.Nxd4 Qc7 6.Be3 a6 7.g4 Nge7 8.Nb3 Ng6
9.h4 Bd6 10.h5 Nf4 11.Qd2 Be5 12.g5 h6 13.gxh6 Rxh6 14.Rh4 g5 15.Rh1 d6 16.O-O-O b5
17.Ne2 Rxh5 18.Rxh5 Nxh5 19.Bxg5 Bf6 20.Bg2 Ne5 21.Bxf6 Nxf6 22.Qg5 Nh7 23.Qg7 Nf8
24.Nbd4 Bb7 25.f4 Nc4 26.f5 O-O-O 27.fxe6 fxe6 28.Qh6 Qe7 29.Bh3 Bxe4 30.Nxe6 Nxe6
31.Bxe6+ Kb8 32.Nd4 Qf8 33.Qh4 Bb7 34.Bxc4 bxc4 35.Ne6  1-0

[Event "CRO-chT"]
[Site "Tucepi"]
[Date "1996.??.??"]
[Round "?"]
[White "Jusic, Zdenko"]
[Black "Vujakovic, Branko"]
[Result "1-0"]
[WhiteElo "2355"]
[BlackElo "2385"]

1.e4 c5 2.Nf3 e6 3.d4 cxd4 4.Nxd4 Nc6 5.Nc3 Qc7 6.Be3 a6 7.f4 b5 8.Nf3 Nf6
9.e5 b4 10.Nb5 axb5 11.exf6 gxf6 12.Nd4 Nxd4 13.Qxd4 Rg8 14.Rg1 Bb7 15.Bxb5 Ra5
16.c4 bxc3 17.a4 cxb2 18.Qxb2 Bc6 19.Rc1 Qb7 20.Qc3 Rxa4 21.Bxc6 dxc6 22.Qxc6+ Qxc6
23.Rxc6 Ra2 24.Rc7 Bb4+ 25.Kf1 Rg4 26.g3 Rxh2 27.Bf2 h5 28.Ke2 h4 29.Kf3 f5
30.Rb1 hxg3 31.Bc5 Rf2+ 32.Bxf2 gxf2 33.Rh1 Rxf4+ 34.Kg3 f1=Q  1-0

[Event "CRO-chT"]
[Site "Tucepi"]
[Date "1996.??.??"]
[Round "?"]
[White "Kosanski, Stanko"]
[Black "Doric, Nenad"]
[Result "1-0"]
[WhiteElo "2385"]
[BlackElo "2320"]

1.e4 c5 2.Nf3 e6 3.Nc3 Nc6 4.d4 cxd4 5.Nxd4 Nf6 6.g3 Qb6 7.Nb3 Bb4 8.Bg2 d5
9.O-O Bxc3 10.bxc3 O-O 11.exd5 Nxd5 12.c4 Nde7 13.c5 Qa6 14.Bb2 e5 15.Re1 Rd8
16.Qh5 Qc4 17.Bxe5 Bf5 18.Bd6 Bg6 19.Qe2 Qxe2 20.Rxe2 Nf5 21.Rd2 Rd7 22.Bh3 Rad8
23.Rad1 b6 24.c3 f6 25.Bg2 bxc5 26.Bxc5 Rxd2 27.Rxd2 Rxd2 28.Nxd2 Nfe7 29.Ne4 Bf7
30.a3 Bd5 31.f4 Kf7 32.c4 Be6 33.Nd6+ Kg6 34.Kf2 a6 35.Ke3 Na5 36.Kd3 h5
37.Be4+ Kh6 38.h4 g5 39.fxg5+ fxg5 40.Be3 Nac6 41.hxg5+ Kg7 42.Kc3 Bg4 43.Ne8+ Kf7
44.Nc7 Bc8 45.g6+  1-0

[Event "Tuebingen-ch55"]
[Site "Tuebingen"]
[Date "1996.??.??"]
[Round "?"]
[White "Straub, Tobias"]
[Black "Haeussler, Frank"]
[Result "1/2-1/2"]
[WhiteElo "1740"]
[BlackElo "1945"]

1.e4 c5 2.Nf3 e6 3.d4 cxd4 4.Nxd4 Nc6 5.Nc3 a6 6.Be3 Nge7 7.Qd2 Nxd4 8.Bxd4 Nc6
9.Be3 b5 10.Be2 Be7 11.O-O O-O 12.f4 d6 13.Rad1 Bb7 14.Bf3 Qc7 15.Qf2 Rac8
16.Qg3 b4 17.Ne2 Bf6 18.f5 Ne5 19.Nf4 Nxf3+ 20.gxf3 exf5 21.Nh5 Bxb2 22.Bh6 d5
23.Bf4 Qb6+ 24.Kh1 fxe4 25.Rg1 g6 26.Be5 Bxe5 27.Qxe5 f6 28.Qf5 Kh8 29.Rxg6 hxg6
30.Qxg6 Qc7 31.Nxf6 Rxf6 32.Qxf6+ Qg7 33.Qh4+ Qh7 34.Qf6+ Qg7 35.Qh4+  1/2-1/2

[Event "Turku We TuTS op"]
[Site "Turku"]
[Date "1996.??.??"]
[Round "5"]
[White "Nokso Koivisto, Antti"]
[Black "Kiik, Kalle"]
[Result "1/2-1/2"]
[WhiteElo "2240"]
[BlackElo "2385"]

1.e4 c5 2.Nf3 e6 3.d4 cxd4 4.Nxd4 Nc6 5.Nc3 d6 6.Be3 Nf6 7.Qd2 Be7 8.O-O-O a6
9.f3 O-O 10.g4 Nxd4 11.Bxd4 b5 12.h4 Bb7 13.h5 b4 14.Ne2 Qa5 15.Kb1 e5 16.Be3 d5
17.g5 dxe4 18.gxf6 Bxf6 19.fxe4 Bxe4 20.Rh2 Rac8 21.Ng3 Bxc2+ 22.Qxc2 Rxc2
23.Rxc2 h6 24.Bc4 Rd8 25.Rg1 Bg5 26.Bxg5 hxg5 27.Rf1 Rd7 28.Rcf2 Qd8 29.Bb3 g4
30.Rxf7 Rxf7 31.Rxf7 Kh8 32.Bc2 Kg8  1/2-1/2

[Event "CZE-ch"]
[Site "Turnov"]
[Date "1996.??.??"]
[Round "11"]
[White "Stocek, Jiri"]
[Black "Jansa, Vlastimil"]
[Result "0-1"]
[WhiteElo "2465"]
[BlackElo "2500"]

1.e4 c5 2.Nf3 Nc6 3.d4 cxd4 4.Nxd4 e6 5.Nc3 a6 6.Be3 Nf6 7.Bd3 d5 8.O-O Be7
9.exd5 exd5 10.Re1 O-O 11.h3 Re8 12.Qd2 Bd7 13.Nxc6 Bxc6 14.Bd4 Qd6 15.Be5 Qd7
16.Qf4 Nh5 17.Qf3 g6 18.Rad1 Bd6 19.Bd4 Nf4 20.Ne2 Nxe2+ 21.Rxe2 Re6 22.Rde1 Rae8
23.Rxe6 Rxe6 24.Rxe6 Qxe6 25.Kf1 h5 26.Qf6 Qxf6 27.Bxf6 Kf8 28.Ke2 Ke8 29.Bd4 Kd7
30.Ke3 Ke6 31.Be2 h4 32.f4 Bb5 33.Bg4+ f5 34.Bd1 a5 35.Kf3 a4 36.Bf2 Be7
37.c3 Bd3 38.Be3 a3 39.b4 Bf6 40.Bd4 Bxd4 41.cxd4 Bc4 42.Ke3 Bxa2 43.Kd2  0-1

[Event "Ubeda op"]
[Site "Ubeda"]
[Date "1996.??.??"]
[Round "?"]
[White "Kolev, Atanas"]
[Black "Tregubov, Pavel V"]
[Result "1/2-1/2"]
[WhiteElo "2510"]
[BlackElo "2470"]

1.e4 c5 2.Nf3 e6 3.d4 cxd4 4.Nxd4 Nc6 5.Nc3 Qc7 6.Be2 a6 7.O-O Nf6 8.Kh1 Nxd4
9.Qxd4 Bc5 10.Qd3 b5 11.f4 Bb7 12.Bf3 h5 13.e5 Ng4 14.Bxb7 Qxb7 15.Ne4 Be7
16.Be3 h4 17.h3 Nh6 18.Kh2 Nf5 19.Bc5 Bxc5 20.Nxc5 Qc6 21.Ne4 O-O 22.c3 a5
23.Rad1 Rac8 24.Rfe1 Rfd8 25.Qf3 d5 26.exd6 Nxd6 27.Nxd6 Rxd6 28.Qh5 Rcd8
29.Rxd6 Rxd6 30.Qxh4 Rd2 31.Re2 Rxe2  1/2-1/2

[Event "Ubeda op"]
[Site "Ubeda"]
[Date "1996.??.??"]
[Round "?"]
[White "Barua, Dibyendu"]
[Black "Costa, F."]
[Result "1-0"]
[WhiteElo "2520"]
[BlackElo "2245"]

1.e4 c5 2.Nf3 e6 3.d4 cxd4 4.Nxd4 Nc6 5.Nc3 Qc7 6.Be2 a6 7.O-O Nf6 8.Kh1 Be7
9.f4 d6 10.a4 O-O 11.Be3 Bd7 12.Nb3 b6 13.Bf3 Kh8 14.g4 Bc8 15.g5 Nd7 16.Bg2 Na5
17.Qh5 Re8 18.Bd4 Bb7 19.Rf3 Nc4 20.Rh3 Nf8 21.Ne2 e5 22.Bc3 exf4 23.Nxf4 Ne5
24.Nd4 Qc4 25.b3 Qc5 26.Rf1 Bc8 27.Nf5 Neg6 28.Nd5 Bd8 29.Bd4 Qxc2 30.Qh6 Qxg2+
31.Kxg2 Nf4+ 32.Rxf4  1-0

[Event "Ubeda op"]
[Site "Ubeda"]
[Date "1996.??.??"]
[Round "?"]
[White "Barua, Dibyendu"]
[Black "Pogorelov, Ruslan"]
[Result "1/2-1/2"]
[WhiteElo "2520"]
[BlackElo "2440"]

1.e4 c5 2.Nf3 e6 3.d4 cxd4 4.Nxd4 Nc6 5.Nc3 Qc7 6.Be2 a6 7.O-O Nf6 8.Be3 Bb4
9.Na4 O-O 10.Nxc6 bxc6 11.f4 Be7 12.Bd3 d6 13.Nb6 Rb8 14.Nxc8 Rfxc8 15.b3 a5
16.Kh1 d5 17.e5 Ne4 18.f5 exf5 19.Rxf5 g6 20.Rf1 Bc5 21.Bxc5 Nxc5 22.Qf3 Re8
23.Rae1 Re7 24.Qf2 Nd7 25.e6 fxe6 26.Rxe6 Ne5 27.Rf6 Rf7 28.Rxf7 Nxf7 29.h3 Re8
30.c4 Ne5 31.Be2 dxc4 32.bxc4 Qe7 33.c5 Rf8 34.Qd4 Rxf1+ 35.Bxf1 Kf8 36.Be2 Ke8
37.Bc4 Nxc4 38.Qxc4 Qe1+ 39.Kh2 Qe5+ 40.Kh1 Qe1+  1/2-1/2

[Event "UKR-ch (Women)"]
[Site "UKR"]
[Date "1996.??.??"]
[Round "6"]
[White "Skripchenko, Almira"]
[Black "Stepovaia Dianchenko, Tatiana"]
[Result "0-1"]
[WhiteElo "2390"]
[BlackElo "2385"]

1.e4 c5 2.Nf3 e6 3.d4 cxd4 4.Nxd4 Nc6 5.Nc3 Qc7 6.f4 a6 7.Nxc6 Qxc6 8.Bd3 b5
9.Qe2 Bb4 10.Bd2 Ne7 11.O-O-O Bb7 12.Kb1 Bc5 13.Be3 b4 14.Bxc5 Qxc5 15.Na4 Qc6
16.b3 O-O 17.Qe3 a5 18.Rhe1 Rad8 19.Qa7 Ra8 20.Qd4 Qc7 21.g3 Bc6 22.Qb6 Qxb6
23.Nxb6 Ra7 24.Kb2 Rb8 25.Nc4 d5 26.exd5 Bxd5 27.a4 bxa3+ 28.Kxa3 g6 29.Ra1 Nc6
30.Kb2 a4 31.Ne5 Nxe5 32.fxe5 Rd7 33.Rxa4 Bxb3 34.Ra3 Bd5+ 35.Kc3 Rc7+ 36.Kd2 Rb2
37.Rc3 Ra7 38.Bc4 Bxc4 39.Rxc4 Rd7+ 40.Ke3 Rb5 41.Kf3 Kg7 42.Re2 Rdd5 43.Rce4 Rbc5
44.R4e3 Rd1 45.Rd3 Rc1 46.Rdd2 Rf1+ 47.Ke4 Rf5 48.Kd4 Rd5+ 49.Kc4 Rfxe5 50.Rxe5 Rxd2
51.Kb3 Rxh2 52.c4 Kf6 53.Re3 Ke7 54.Rd3 Rh1 55.Kb4 e5 56.c5 Rc1 57.Kb5 e4
58.Rd4 f5 59.c6 Kf6 60.Rd8 Kg5  0-1

[Event "UKR-ch (Women)"]
[Site "UKR"]
[Date "1996.??.??"]
[Round "8"]
[White "Gaponenko, Inna"]
[Black "Stepovaia Dianchenko, Tatiana"]
[Result "0-1"]
[WhiteElo "2390"]
[BlackElo "2385"]

1.e4 c5 2.Nf3 e6 3.d4 cxd4 4.Nxd4 Nc6 5.Nc3 Qc7 6.Be2 a6 7.O-O Nf6 8.Kh1 Nxd4
9.Qxd4 Bc5 10.Qd3 h5 11.Bg5 Ng4 12.f4 f6 13.Bh4 b5 14.Bxg4 hxg4 15.Bg3 Bb7
16.f5 Qc6 17.a3 b4 18.axb4 Bxb4 19.Rf4 Bxc3 20.Qxc3 Qxc3 21.bxc3 e5 22.Rxg4 Kf7
23.Bf2 Rhc8 24.Rd1 Bc6 25.c4 Rab8 26.Rg3 Rb2 27.Rc3 Rcb8 28.h4 Rb1 29.Rxb1 Rxb1+
30.Kh2 Bxe4 31.Ra3 Bxf5 32.Rxa6 Rb2 33.c5 Rxc2 34.Kg3 Be4 35.Ra7 Bc6 36.h5 f5  0-1

[Event "Paks GM"]
[Site "Ungarn"]
[Date "1996.??.??"]
[Round "?"]
[White "Molnar, Bela"]
[Black "Arsovic, Zoran"]
[Result "1-0"]
[WhiteElo "2360"]
[BlackElo "2460"]

1.e4 c5 2.Nf3 e6 3.d4 cxd4 4.Nxd4 Nc6 5.Nc3 d6 6.g3 a6 7.Bg2 Qc7 8.O-O Nf6
9.a4 Be7 10.Nb3 b6 11.f4 Bb7 12.Be3 O-O 13.g4 Rfe8 14.g5 Nd7 15.Rf3 Nb4 16.Rh3 g6
17.Qd2 Rad8 18.Qf2 Bf8 19.Qh4 h6 20.gxh6 Nxc2 21.Rc1 Nxe3 22.Rxe3 Nc5 23.Nd4 Qe7
24.Qh3 Qf6 25.Rd1 Kh7 26.b4 Nd7 27.e5 Bxg2 28.Qxg2 Qh8 29.Ne4 dxe5 30.Ng5+ Kg8
31.h7+ Kg7 32.Nc6 Bxb4 33.Nxd8 Rxd8 34.Red3 Bc5+ 35.Kh1 Bd4 36.fxe5  1-0

[Event "CZE-ch U20"]
[Site "Usti nad Labem"]
[Date "1996.??.??"]
[Round "2"]
[White "Vavra, Pavel"]
[Black "Suran, Jan"]
[Result "1/2-1/2"]
[WhiteElo "2350"]
[BlackElo "2300"]

1.e4 c5 2.Nf3 e6 3.d4 cxd4 4.Nxd4 Nc6 5.Nc3 Qc7 6.Be3 Nf6 7.Bd3 a6 8.O-O Nxd4
9.Bxd4 Bc5 10.Bxf6 gxf6 11.Qg4 Qe5 12.Qg7 Rf8 13.Kh1 Qg5 14.Qxh7 Rg8 15.Qh3 b5
16.f4 Qg7 17.Rf3 Rh8 18.Qg3 Qh6 19.h3 Bb7 20.f5 Ke7 21.fxe6 fxe6 22.Qf4 Qxf4
23.Rxf4 Bd4 24.Rg4 Rag8 25.Rxg8 Rxg8 26.a4 b4 27.Ne2 Bxb2 28.Rb1 Ba3 29.Nf4 Bc6
30.a5 Rg5 31.e5 fxe5 32.h4 Rg4 33.Ng6+ Kf6 34.h5 Rxg2 35.Rf1+ Rf2+ 36.Kg1 Rxf1+
37.Kxf1 Kg5 38.Nxe5 Kxh5 39.Bxa6 Bb2 40.Nxc6 dxc6 41.Bb7 Kg5 42.Ke2 Kf4 43.Kd3 Ke5
44.a6 Bd4 45.Bxc6  1/2-1/2

[Event "Vantaa We op3"]
[Site "Vantaa"]
[Date "1996.??.??"]
[Round "4"]
[White "Lampen, Timo"]
[Black "Kiik, Kalle"]
[Result "0-1"]
[WhiteElo "2280"]
[BlackElo "2385"]

1.e4 c5 2.Nf3 e6 3.d4 cxd4 4.Nxd4 Nc6 5.Nc3 d6 6.Be3 Nf6 7.f3 Be7 8.Qd2 O-O
9.O-O-O a6 10.g4 Nxd4 11.Bxd4 b5 12.h4 Bb7 13.Qf2 b4 14.Na4 Nd7 15.Nb6 Nxb6
16.Bxb6 Qb8 17.Bd4 a5 18.g5 a4 19.Kb1 d5 20.e5 Rc8 21.Bd3 Ba6 22.Qe3 Qc7
23.Rh2 Bxd3 24.Qxd3 Ra5 25.f4 Bc5 26.b3 Bxd4 27.Qxd4 Rc5 28.Rdd2 axb3 29.axb3 Qa5
30.Qb2 Ra8 31.Rd3 Qa6 32.Rhh3 Ra5 33.Kc1 Rc8 34.Qd4 Ra2 35.Rh2 Qa3+ 36.Kd1 Ra1+  0-1

[Event "Velden op"]
[Site "Velden"]
[Date "1996.??.??"]
[Round "7"]
[White "Wittmann, Walter"]
[Black "Horvath, Jozsef"]
[Result "0-1"]
[WhiteElo "2370"]
[BlackElo "2515"]

1.e4 c5 2.Nf3 Nc6 3.Nc3 e6 4.d4 cxd4 5.Nxd4 Qc7 6.f4 a6 7.Be2 Nxd4 8.Qxd4 b5
9.Bf3 Bb7 10.a3 Nf6 11.Be3 Be7 12.O-O Rc8 13.Kh1 O-O 14.Rf2 d6 15.Rd1 Qb8
16.Qa7 Qxa7 17.Bxa7 e5 18.f5 Rc4 19.Re2 Rfc8 20.Rd3 h6 21.h3 a5 22.Nxb5 d5
23.exd5 e4 24.Rc3 Bxd5 25.Re1 exf3 26.Rxe7 fxg2+ 27.Kh2 Ne4 28.Rxc4 Rxc4
29.c3 Ng5 30.Nd4 Nxh3 31.Nc2 Ng5 32.Ne1 Rh4+ 33.Kg3 Rh3+ 34.Kf4 Rh1 35.Nxg2 Bxg2
36.Bb6 a4 37.Ra7 Bc6 38.Rc7 Bf3 39.Kg3 Rh3+ 40.Kf4 Rh4+ 41.Ke3 Re4+ 42.Kd3 Be2+
43.Kd2 Nf3+ 44.Kc1  0-1

[Event "Carl Schlechter mem"]
[Site "Vienna"]
[Date "1996.??.??"]
[Round "3"]
[White "Prager, Manfred"]
[Black "Grabher, Heinz"]
[Result "0-1"]
[WhiteElo "2165"]
[BlackElo "2275"]

1.e4 c5 2.Nf3 e6 3.Nc3 Nc6 4.d4 cxd4 5.Nxd4 Nf6 6.Nxc6 bxc6 7.e5 Nd5 8.Bd2 Qb6
9.Rb1 Qd4 10.Nxd5 cxd5 11.Bc3 Qh4 12.Qd4 Qxd4 13.Bxd4 Bb7 14.Bd3 Be7 15.O-O O-O
16.f4 d6 17.Rf3 dxe5 18.fxe5 a5 19.Rh3 g6 20.a4 Rfc8 21.Rf1 Bc5 22.Rf4 Bxd4+
23.Rxd4 Ba6 24.Rdh4 h5 25.g4 Bxd3 26.cxd3 Rab8 27.Kf2 Rxb2+ 28.Kf3 hxg4+
29.Rxg4 Rb4 30.Rgg3 Rc3 31.Ke3 Kg7 32.Rg2 Rxa4 33.Rb2 Rb4 34.Ra2 a4 35.Rf3 a3
36.Raf2 Rc7 37.Ra2 Ra7 38.Rff2 Rh4 39.Kd2 d4 40.Kc2 Rc7+ 41.Kb3 Rc3+ 42.Kb4 Rxd3
43.Rxa3 Rxa3 44.Kxa3 Re4  0-1

[Event "Vienna op-B"]
[Site "Vienna"]
[Date "1996.??.??"]
[Round "4"]
[White "Caruso, Augusto"]
[Black "Duchovny, Eduard"]
[Result "1-0"]
[WhiteElo "2210"]
[BlackElo "2355"]

1.e4 c5 2.Nf3 e6 3.Nc3 Nc6 4.d4 cxd4 5.Nxd4 Nf6 6.Ndb5 Bb4 7.Bf4 e5 8.Bg5 O-O
9.a3 Bxc3+ 10.Nxc3 h6 11.h4 d6 12.Bxf6 Qxf6 13.Nd5 Qg6 14.Qd3 Be6 15.O-O-O Rac8
16.f3 Rfd8 17.g4 Bxd5 18.exd5 Nd4 19.Qxg6 fxg6 20.Bd3 Nxf3 21.Bxg6 Rc4 22.Bf5 Rf4
23.Rdf1 Nd4 24.Rxf4 exf4 25.Bd3 Re8 26.h5 Re3 27.Rf1 Rg3 28.Rxf4 Rxd3 29.Re4 Nxc2
30.Kxc2 Rxd5 31.Re7 Rb5 32.Rd7 d5 33.b4 a5 34.Kb3 axb4 35.axb4 Rb6 36.Rxd5 Re6
37.Ka4 Re4 38.g5 hxg5 39.Rxg5 Kf7 40.Rb5 Re7 41.Ka5 Ke6 42.Kb6 Kd6 43.Ka7 Re4
44.Rxb7 Rh4 45.Ka6 Rg4 46.b5 Rg2 47.Kb6 Rg1 48.Rc7 Rg5 49.Rc6+ Kd7 50.Rg6 Rxh5
51.Rxg7+ Kc8 52.Rg8+ Kd7 53.Ka6 Rh1 54.Kb7 Rh5 55.b6 Rh7 56.Rc8 Rh6 57.Rc1 Rh3
58.Rd1+ Ke6 59.Ka7 Ra3+ 60.Kb8 Ra2  1-0

[Event "Villalba op"]
[Site "Villalba"]
[Date "1996.??.??"]
[Round "6"]
[White "Gallardo Garcia, Andres"]
[Black "Lukov, Valentin"]
[Result "1/2-1/2"]
[WhiteElo "2275"]
[BlackElo "2450"]

1.e4 c5 2.Nf3 e6 3.d4 cxd4 4.Nxd4 Nc6 5.Nc3 Qc7 6.Be2 a6 7.O-O Nf6 8.Kh1 Bb4
9.Bg5 Bxc3 10.Bxf6 gxf6 11.bxc3 d6 12.f4 Bd7 13.f5 e5 14.Nb3 Ne7 15.c4 Bc6
16.Bd3 h5 17.Rf3 h4 18.Rh3 O-O-O 19.Qe1 Rdg8 20.Rxh4 Qd8 21.Rxh8 Rxh8 22.Qf2 Rh5
23.h3 Rg5 24.Rg1 Qh8 25.Kh2 Rh5 26.Na5 Qd8 27.Nxc6 Nxc6 28.c5 Rh7 29.cxd6 Qxd6
30.Qb6 Qb4 31.Rb1 Qxb6 32.Rxb6 Kc7 33.Rb1 Na5 34.g4 Rh8 35.Kg3 b5 36.a4 bxa4
37.Ra1 Nb7 38.Rxa4 Nc5 39.Ra1 Ra8 40.h4 a5 41.g5 fxg5 42.hxg5 a4 43.Kg4 Rg8
44.Re1 Nxd3 45.cxd3 a3 46.Ra1 Ra8 47.g6 Kd7 48.Kg5 fxg6 49.Kxg6 a2 50.f6 Ke6
51.f7 Ke7 52.Kg7 Rf8 53.Rxa2 Rxf7+ 54.Kg6 Rf3 55.Ra3 Ke6 56.Kg5 Rg3+ 57.Kh4 Rg1  1/2-1/2

[Event "Villalba op"]
[Site "Villalba"]
[Date "1996.??.??"]
[Round "7"]
[White "Romero, Antonio"]
[Black "Pogorelov, Ruslan"]
[Result "1/2-1/2"]
[WhiteElo "2225"]
[BlackElo "2440"]

1.e4 c5 2.Nc3 Nc6 3.Nf3 e6 4.d4 cxd4 5.Nxd4 Qc7 6.g3 a6 7.Bg2 Nf6 8.O-O Be7
9.Re1 O-O 10.Nxc6 dxc6 11.e5 Rd8 12.Qf3 Nd5 13.h4 Nxc3 14.Qxc3 Bd7 15.Bg5 Be8
16.Bxe7 Qxe7 17.Rad1 Rac8 18.Qa5 Rc7 19.Bf3 Rcd7 20.Rxd7 Rxd7 21.Rd1 Rxd1+
22.Bxd1 Qd7 23.Bf3 f6 24.h5 h6 25.Qc3 f5 26.Qb4 Qc7 27.Qc5 Kf7 28.Be2 b6
29.Qe3 a5 30.g4 fxg4 31.Bxg4 Ke7 32.f4  1/2-1/2

[Event "LTU-ch"]
[Site "Vilnius"]
[Date "1996.??.??"]
[Round "2"]
[White "Macionis, Andrius"]
[Black "Grabliauskas, Virginijus"]
[Result "1/2-1/2"]
[WhiteElo "2295"]
[BlackElo "2405"]

1.e4 c5 2.Nf3 e6 3.d4 cxd4 4.Nxd4 Nc6 5.Nc3 Qc7 6.Be2 a6 7.O-O Nf6 8.Kh1 Nxd4
9.Qxd4 Bc5 10.Qd3 b5 11.f4 Bb7 12.Bf3 h5 13.e5 Ng4 14.Bxb7 Qxb7 15.Ne4 Be7
16.Be3 Qc6 17.Bd4 Nh6 18.a4 Rc8 19.axb5 axb5 20.c3 h4 21.h3 Nf5 22.Kh2 Rh6
23.Ra5 b4 24.cxb4 Bxb4 25.Rb5 Be7 26.Bc3 Ng3 27.Re1 Nxe4 28.Rxe4 Rg6 29.Qe2 Bc5
30.Be1 Be7 31.Rb3 d5 32.exd6 Qxd6 33.Bb4 Qd7 34.Rd3 Qb7 35.f5 Qb8+ 36.Kh1 Rc1+
37.Be1 Bb4 38.fxg6 Rxe1+ 39.Qxe1 Bxe1 40.Rxe1 Qxb2 41.gxf7+ Kxf7 42.Rd7+ Kf6
43.Rf1+ Kg5 44.Re1  1/2-1/2

[Event "AUT-chT9697"]
[Site "Vorarlberg"]
[Date "1996.??.??"]
[Round "?"]
[White "Schmid, Sandro"]
[Black "Senoner, Paul"]
[Result "1-0"]
[WhiteElo "1875"]
[BlackElo "1790"]

1.e4 c5 2.Nc3 Nc6 3.Nge2 e6 4.d4 cxd4 5.Nxd4 a6 6.Be2 Bb4 7.Nxc6 bxc6 8.Qd4 Bxc3+
9.bxc3 Qf6 10.O-O Qxd4 11.cxd4 Nf6 12.e5 Nd5 13.c4 Nb4 14.Rb1 Nxa2 15.Bd2 O-O
16.Rb2 f6 17.f4 Ra7 18.Rfb1 fxe5 19.fxe5 d5 20.Rxa2 Raf7 21.c5 Rf2 22.Be3 R2f7
23.Rb6 Rc7 24.h3 h6 25.Bxa6 Ra7 26.Bc4  1-0

[Event "JUG-chT"]
[Site "Vrnjacka Banja"]
[Date "1996.??.??"]
[Round "?"]
[White "Solozhenkin, Evgeniy"]
[Black "Poluljahov, Aleksandr"]
[Result "0-1"]
[WhiteElo "2510"]
[BlackElo "2480"]

1.e4 c5 2.Nf3 e6 3.d4 cxd4 4.Nxd4 Nc6 5.Nc3 Qc7 6.Be2 a6 7.O-O Nf6 8.Be3 Bb4
9.Na4 Bd6 10.f4 Nxe4 11.c4 O-O 12.Rc1 Be7 13.Bf3 Nf6 14.c5 Rb8 15.Qd2 Rd8
16.Rfd1 d5 17.cxd6 Rxd6 18.Nb6 Qxb6 19.Nxc6 bxc6 20.Bxb6 Rxd2 21.Rxd2 Rxb6
22.Rxc6 Rxc6 23.Bxc6 a5 24.Kh1 g6 25.Rd4 Kg7 26.a3 Nd5 27.Bxd5 exd5 28.Rxd5 a4
29.Ra5 Bf6 30.Rxa4 Bxb2 31.Ra8 Be6 32.a4 Bc1 33.a5 Bxf4 34.a6 Be3 35.a7 Kf6
36.Rh8 Bxa7 37.Rxh7 Kg5 38.Rh8 Bd4 39.Rd8 Bc5 40.Rd3 Kf4 41.Rc3 Bd4 42.Ra3 g5
43.h3 Ke4 44.Kh2 Bc5 45.Ra5 Bd6+ 46.Kh1 Bd5 47.Ra4+ Ke3 48.Ra6 Bc7 49.Kg1 f5
50.Rf6 Be4 51.Rg6 Bf4 52.Ra6 Be5 53.Ra2 Bd6 54.Rb2 Bc5 55.Ra2 Bd4 56.Ra4 Bc6
57.Ra2 Bd5 58.Ra5 Ke2+ 59.Kh1 Be4 60.Ra4 Bc5 61.Ra5 Be3 62.Kh2 Bf2 63.Ra1 f4
64.Ra4 Bc6 65.Ra5 Kf1 66.Ra1+ Be1 67.Ra2 Bd5 68.Rb2 Be4 69.Ra2 Bg3+ 70.Kh1 Bf2
71.Ra1+ Be1 72.Ra2 Bc3 73.Kh2 f3  0-1

[Event "JUG-chT"]
[Site "Vrnjacka Banja"]
[Date "1996.??.??"]
[Round "?"]
[White "Todorovic, Goran M"]
[Black "Pikula, Dejan"]
[Result "1/2-1/2"]
[WhiteElo "2470"]
[BlackElo "2455"]

1.e4 c5 2.Nf3 e6 3.d4 cxd4 4.Nxd4 Nc6 5.Nc3 a6 6.Be3 Qc7 7.Qd2 Nf6 8.f3 d6
9.O-O-O Be7 10.g4 O-O 11.h4  1/2-1/2

[Event "JUG-chT"]
[Site "Vrnjacka Banja"]
[Date "1996.??.??"]
[Round "?"]
[White "Tringov, Georgi P"]
[Black "Pikula, Dejan"]
[Result "1/2-1/2"]
[WhiteElo "2440"]
[BlackElo "2455"]

1.e4 c5 2.Nf3 e6 3.d4 cxd4 4.Nxd4 Nc6 5.Nc3 d6 6.g3 a6 7.Bg2 Bd7 8.a4 Nf6
9.O-O Be7 10.Be3 O-O 11.Nxc6 Bxc6 12.a5 Nd7  1/2-1/2

[Event "JUG-chT"]
[Site "Vrnjacka Banja"]
[Date "1996.??.??"]
[Round "?"]
[White "Djoric, Dusan"]
[Black "Marjanovic, Slavoljub"]
[Result "0-1"]
[WhiteElo "2355"]
[BlackElo "2445"]

1.e4 c5 2.Nf3 e6 3.d4 cxd4 4.Nxd4 Nc6 5.Nc3 Qc7 6.Be2 a6 7.O-O Nf6 8.Be3 Bb4
9.Na4 Be7 10.Nxc6 bxc6 11.Nb6 Rb8 12.Nxc8 Qxc8 13.e5 Nd5 14.Bc1 Bc5 15.Qd3 Qc7
16.Qe4 a5 17.c4 Ne7 18.b3 Ng6 19.Bb2 O-O 20.Kh1 d5 21.exd6 Bxd6 22.Rad1 Rfd8
23.Bf3 c5 24.Qc6 Ne5 25.Qxc7 Bxc7 26.Bxe5 Bxe5 27.Rxd8+ Rxd8 28.Rd1 Bd4 29.g3 f5
30.Kg2 Kf7 31.h3 Kf6 32.Bc6 Rd6 33.Bf3 g6 34.Kf1 h5 35.h4 Rb6 36.Rb1 Rb8
37.Bd1 Rd8 38.Bc2 Bxf2 39.Bxf5 Bxg3 40.Be4 Rd4 41.Bb7 Bxh4 42.a3 Bg3 43.b4 axb4
44.axb4 Rxc4 45.bxc5 Rxc5 46.Kg2 Bf4 47.Bf3 Rc2+ 48.Kh1 g5 49.Rb6 g4 50.Bd5 Rh2+
51.Kg1 Be3+ 52.Kxh2 Bxb6 53.Bb3 h4 54.Kg2 Bc7  0-1

[Event "JUG-chT"]
[Site "Vrnjacka Banja"]
[Date "1996.??.??"]
[Round "?"]
[White "Gojkovic, Petar"]
[Black "Marjanovic, Slavoljub"]
[Result "1/2-1/2"]
[WhiteElo "2340"]
[BlackElo "2445"]

1.e4 c5 2.Nf3 e6 3.d4 cxd4 4.Nxd4 Nc6 5.Nc3 Qc7 6.Be2 a6 7.O-O Nf6 8.Kh1 Bb4
9.Nxc6 bxc6 10.f4 d5 11.e5 Bxc3 12.bxc3 Ne4 13.Bd3 c5 14.c4 Bb7 15.Qe1 O-O
16.Bb2 Qc6  1/2-1/2

[Event "JUG-ch (Women) 1"]
[Site "Vrnjacka Banja"]
[Date "1996.??.??"]
[Round "?"]
[White "Gaponenko, Inna"]
[Black "Bojkovic, Natasa"]
[Result "0-1"]
[WhiteElo "2390"]
[BlackElo "2400"]

1.e4 c5 2.Nf3 e6 3.d4 cxd4 4.Nxd4 Nc6 5.Nc3 Qc7 6.Be2 a6 7.O-O Nf6 8.Kh1 Nxd4
9.Qxd4 Bc5 10.Qd3 b5 11.f4 Bb7 12.Bf3 O-O 13.e5 Ne8 14.Bxb7 Qxb7 15.f5 f6
16.Ne4 Be7 17.Be3 fxe5 18.fxe6 Rxf1+ 19.Rxf1 dxe6 20.Ng5 Bxg5 21.Bxg5 Qd5
22.Qe2 Nd6 23.Rd1 Qe4 24.Qxe4 Nxe4 25.Bh4 Rc8 26.Re1 Rc4 27.b3 Rd4 28.Kg1 Kf7
29.Bf2 Nxf2 30.Kxf2 Rd2+ 31.Re2 Rd5 32.c3 Rd1 33.Ke3 Ke7 34.Rd2 Re1+ 35.Re2 Rd1
36.Rd2 Rc1 37.Kd3 e4+ 38.Kd4 Re1 39.Ke5 e3 40.Rd3 Re2 41.h3 Rxg2 42.Rxe3 Rxa2
43.Kd4 Kd6 44.c4 Rc2 45.Kd3 Rc1 46.Kd2 Ra1 47.Kc3 bxc4 48.Kb2 Rh1 49.bxc4 Kc5
50.Kb3 Rb1+ 51.Kc2 Rb4 52.Rxe6 Rxc4+ 53.Kd2 Rh4 54.Rxa6 Rxh3 55.Ke2 Kd4 56.Re6 Kd5
57.Re7 Rg3 58.Kf2 Rg5 59.Kf3 Kd6 60.Re1 Re5 61.Rg1 Re7 62.Rh1 h6 63.Kg4 Ke6
64.Rf1 Ra7 65.Rf2 Ra5 66.Rf1 Rg5+ 67.Kh4 Rf5 68.Ra1 Kf7 69.Ra6 Rf6 70.Ra1 Kg6
71.Rg1+ Kh7 72.Ra1 Rf4+ 73.Kg3 g5 74.Ra6 Kg7 75.Rb6 h5 76.Rb7+ Kg6 77.Rb6+ Rf6
78.Rb3 h4+ 79.Kh3 Kf5 80.Ra3 g4+ 81.Kg2 Kg5 82.Rb3 Re6 83.Ra3 Re2+  0-1

[Event "JUG-chT"]
[Site "Vrnjacka Banja"]
[Date "1996.??.??"]
[Round "?"]
[White "Marinkovic, Slavisa"]
[Black "Mitrovic, Petar"]
[Result "1-0"]
[WhiteElo "2405"]
[BlackElo "2365"]

1.e4 c5 2.Nf3 e6 3.d4 cxd4 4.Nxd4 Nc6 5.Nc3 Nf6 6.Ndb5 Bb4 7.a3 Bxc3+ 8.Nxc3 d5
9.exd5 exd5 10.Bd3 O-O 11.O-O Bg4 12.f3 Be6 13.Qe1 Re8 14.Qh4 Ne5 15.Bg5 Nxd3
16.Bxf6 Qxf6 17.Qxf6 gxf6 18.cxd3 Rac8 19.Nb5 Rc2 20.Rf2 Rec8 21.Nd4 Rxf2
22.Kxf2 Kf8 23.Re1 Ke7 24.Re2 Rb8 25.Rc2 Bd7 26.Ke3 Kd6 27.Ne2 Ba4 28.Rd2 Rc8
29.Kd4 Bb3 30.Nf4 Rc6 31.Re2 Kd7 32.Nh5 a5 33.Ng7 b5 34.Nf5 Re6 35.Re3 Kc6
36.f4 b4 37.axb4 axb4 38.Ng7 Rd6 39.Re7 Kb6 40.Nf5 Re6 41.Rxe6+ fxe6 42.Ng7 e5+
43.fxe5 fxe5+ 44.Kxe5 d4 45.Ne6 Kb5 46.Nxd4+ Ka4 47.g4 Bf7 48.Ke4 Bg6+ 49.Ke3 Be8
50.h4 Bd7 51.Kf4 Be8 52.h5 h6 53.g5 Bxh5 54.gxh6 Bg6 55.Ke3 Bh7 56.Kd2 Bg8
57.Nf3 Kb3 58.Kc1 Ka2 59.Ng5 Ka1 60.h7 Ba2 61.h8=Q  1-0

[Event "Warsaw op (Women)"]
[Site "Warsaw"]
[Date "1996.??.??"]
[Round "3"]
[White "Heymann, Ulrike"]
[Black "Konarkowska Sokolov, Henrijeta"]
[Result "0-1"]
[WhiteElo "2105"]
[BlackElo "2065"]

1.e4 c5 2.Nf3 Nc6 3.d4 cxd4 4.Nxd4 e6 5.Nc3 Qc7 6.Be3 a6 7.Bd3 Nf6 8.Nxc6 dxc6
9.f4 e5 10.O-O Ng4 11.Qf3 Nxe3 12.Qxe3 exf4 13.Rxf4 Qe5 14.Kh1 Bd6 15.g3 O-O
16.Qe2 Be6 17.Raf1 Be7 18.Nd1 g6 19.g4 Bg5 20.R4f2 Rad8 21.b3 Kg7 22.Qf3 b5
23.Rg2 c5 24.h4 Bxh4 25.Ne3 Bg5 26.Nf5+ Kg8 27.Qh3 Rd7 28.Ne3 Bxe3 29.Qxe3 Bxg4
30.Rxg4 Qh5+  0-1